Conceptual framework and accounting standards/ (Record no. 364392)
[ view plain ]
| 000 -LEADER | |
|---|---|
| fixed length control field | 00392nam a2200121Ia 4500 |
| 008 - FIXED-LENGTH DATA ELEMENTS--GENERAL INFORMATION | |
| fixed length control field | 200922s9999 xx 000 0 und d |
| 020 ## - INTERNATIONAL STANDARD BOOK NUMBER | |
| International Standard Book Number | 978-971-9811-57-2 |
| 100 ## - MAIN ENTRY--PERSONAL NAME | |
| Personal name | Aduana, Nick L. |
| 245 ## - TITLE STATEMENT | |
| Statement of responsibility, etc | Nick L. Aduana |
| Title | Conceptual framework and accounting standards/ |
| 260 ## - PUBLICATION, DISTRIBUTION, ETC. (IMPRINT) | |
| Place of publication, distribution, etc | Manila: |
| Name of publisher, distributor, etc | C&E Publishing |
| Date of publication, distribution, etc | 2019 |
| 300 ## - PHYSICAL DESCRIPTION | |
| Extent | xviii, 653 pages |
| Dimensions | 22 cm. |
| 650 ## - SUBJECT ADDED ENTRY--TOPICAL TERM | |
| Topical term or geographic name as entry element | Financial statements -- standards |
| Withdrawn status | Lost status | Damaged status | Home library | Current library | Shelving location | Date acquired | Source of acquisition | Total Checkouts | Total Renewals | Full call number | Barcode | Date last seen | Date checked out | Price effective from | Koha item type |
|---|---|---|---|---|---|---|---|---|---|---|---|---|---|---|---|
| College Library | College Library | Filipiniana Section | 09/22/2020 | 3 | 14 | HF 5681.B2 .A38 2019 | C22547 | 04/04/2022 | 03/01/2022 | 09/22/2020 | Books |